Statistiques concernant Podium du Rallye Bassin Annonéen

Cliquez ici pour prendre le quiz!

Statistiques générales

  • Ce quiz a été pris 4 fois
  • Le résultat moyen est 13 sur 32

Statistiques - réponses

Vainqueur% Correct
Jean-Marie Cuoq
100%
Cédric Robert
75%
David Salanon
75%
Arnaud Monnet
50%
Denis Troussier
50%
Dominique Moulin
50%
Eric Peyrache
50%
Fabiano Lo Fiego
50%
Frédéric Romeyer
50%
Gilles Cellier
50%
Laurent Dufaud
50%
Patrick Artru
50%
Pierre-Edouard Roussat
50%
Thibaud Mounard
50%
Alain Bonneton
25%
Arnaud Delepine
25%
Arnaud Masclaux
25%
Christophe Sormani
25%
Didier Perrin
25%
Dominique De Meyer
25%
Eric Rousset
25%
Gilles Faure
25%
Gilles Nantet
25%
Jean-Claude Mouchet
25%
Jean-Michel Da Cuhna
25%
Jean-Paul Perrin
25%
Ludovic Cluzel
25%
Maxime Lecureux
25%
Stéphane Carra
25%
Stéphane Poudrel
25%
Stéphane Raymond
25%
Thomas Barral
25%

Distribution des résultats

Percentile par nombre de réponses

% des personnes avec chaque résultat

Votre développement - résultats

Vous n’avez pas pris ce quiz